Normal view
MARC view
- Morowitz, Harold J
Entry Personal Name
001 - CONTROL NUMBER
- control field: 100101
003 - CONTROL NUMBER IDENTIFIER
- control field: NUST
005 - DATE AND TIME OF LATEST TRANSACTION
- control field: 20221013113545.0
008 - FIXED-LENGTH DATA ELEMENTS
- fixed length control field: 221013|| aca||aabn | a|a d
040 ## - CATALOGING SOURCE
- Original cataloging agency: NUST
- Transcribing agency: NUST
100 ## - HEADING--PERSONAL NAME
- Personal name: Morowitz, Harold J
670 ## - SOURCE DATA FOUND
- Source citation: Work cat.: (NUST)188511: Morowitz, Harold J., The wine of life, and other essays on societies, energy & living things /, c1979.
